000 01283cam a22003977a 4500
001 3937
003 FISKH
005 20240524142221.0
008 111117s2011 nyua 000 1 eng d
010 _a 2011275337
020 _a9780736428262 (board bk)
020 _a0736428267 (board bk)
035 _a(OCoLC)ocn746072433
040 _aJAI
_cJAI
_dJAI
_dBTCTA
_dSINLB
_dDLC
_beng
042 _alccopycat
050 0 0 _aPZ7.W55927
_bCar 2011b
082 _a415
100 1 _aWheeler, Chase.
245 1 0 _aCars 2 /
_c[adapted by Chase Wheeler ; illustrated by Disney Storybook Artists and Studio IBOIX].
260 _aNew York :
_bGolden Books,
_c2011.
300 _a18 unnumbered pages :
_bcolor illustrations ;
_c28 cm
500 _aCover title.
500 _aOn board pages.
505 _aM
520 _aA spy causes trouble between the cars. Can they restore their friendship?
521 8 _a560
_bLexile AD
521 8 _aM
_bRaz-Plus
650 0 _aAutomobiles
_vJuvenile fiction.
650 0 _aFriendship
_vJuvenile fiction.
650 0 _aAutomobiles
_vJuvenile literature.
650 0 _aFriendship
_vJuvenile literature.
655 0 _aBoard books.
906 _a7
_bcbc
_ccopycat
_d2
_encip
_f20
_gy-gencatlg
942 _2ddc
_cBK
_n0
999 _c3937
_d3937